[Event "Duisburg Grossenbaum op"]
[Site "Duisburg"]
[Date "2004.05.29"]
[Round "3"]
[White "Heinert, Eugen"]
[Black "Ziebarth, Werner"]
[Result "1-0"]
[WhiteElo "1888"]
[BlackElo "1593"]
[PlyCount "98"]
[EventDate "2004.05.28"]
[EventType "swiss"]
[EventRounds "7"]
[EventCountry "GER"]
[SourceTitle "EXT 2006"]
[Source "ChessBase"]
[SourceDate "2005.11.24"]
[SourceVersion "1"]
[SourceVersionDate "2005.11.24"]
[SourceQuality "1"]

1. c4 e5 2. Nc3 f5 3. g3 Nf6 4. Bg2 g6 5. e3 Bg7 6. Nge2 Nc6 7. 0-0 d6 8. d3 Ne7 9. f4 c6 10. b4 exf4 11. gxf4 Qb6 12. Rb1 Be6 13. a4 0-0 14. b5 c5 15. a5 Qxa5 16. Bxb7 Rab8 17. Bf3 d5 18. cxd5 Nfxd5 19. Na4 Qc7 20. Qd2 Nb4 21. Nxc5 Qxc5 22. Qxb4 Qc7 23. Ba3 Nd5 24. Qd6 Qf7 25. Kf2 Bf6 26. Qa6 Rfc8 27. Rfc1 Bh4+ 28. Ng3 Nc3 29. Ra1 Rb6 30. Qxc8+ Bxc8 31. Rxc3 Be6 32. Rac1 Bd8 33. Bc6 Bf6 34. R3c2 Bb3 35. Rd2 Kg7 36. d4 Ba4 37. Rg1 Kh6 38. Bc5 Rb8 39. Ra1 Bxb5 40. Rxa7 Qb3 41. Bxb5 Qxb5 42. Rf7 Bh4 43. Re2 Qc6 44. Re1 Qa8 45. Ra7 Qd5 46. Rb1 Bxg3+ 47. hxg3 Ra8 48. Rbb7 Rxa7 49. Rxa7 g5 1-0